000 00328nam a22001337a 4500
003 OSt
005 20260316103640.0
008 260316b |||||||| |||| 00| 0 eng d
040 _c
082 _a153.43
_bSHA
245 _aLogical reasoning for CAT
_cArun sharma
260 _bmcgraw Hill
_c2026
942 _2ddc
_cBK
_k153.43
_mSHA
_n0
999 _c36321
_d36321